Countries with the most Islands - Statistics

General Stats
  • This quiz has been taken 67 times
  • The average score is 8 of 10
Answer Stats
Number of Islands Country % Correct
17,504 Indonesia
96%
239,057 Norway
89%
267,570 Sweden
89%
52,455 Canada
88%
178,947 Finland
86%
7,641 Phillippines
84%
18,617 United States
82%
6,961 China
74%
8,222 Australia
60%
43,471 Chile
39%
No matching quizzes found
Score Distribution
Percent of People with Each Score
Percentile by Number Answered
Your Score History
You have not taken this quiz